Sports Quiz

Random Sports or Basketball Quiz

Top 25 College Basketball Players Quiz Stats

 Plays Quiz Updated Aug 21, 2018

Score 0/25 Timer 06:00
9 Plays Today
Rank Player % Correct
13Michael Jordan
93.2%
15Earvin 'Magic' Johnson
84.2%
9Larry Bird
83.3%
16Patrick Ewing
76.3%
3Bill Walton
75.1%
1Lew Alcindor
73.8%
21Tim Duncan
70.9%
24David Robinson
67.2%
12Christian Laettner
64.1%
4Bill Russell
63.2%
6Jerry West
62.3%
10Wilt Chamberlain
60.2%
5Pete Maravich
60%
Rank Player % Correct
2Oscar Robertson
57%
18Ralph Sampson
47.2%
7Bill Bradley
36.8%
8David Thompson
34.7%
19Elgin Baylor
25%
25George Mikan
24.7%
14Elvin Hayes
23.7%
11Jerry Lucas
22.6%
22Austin Carr
15.8%
23Calvin Murphy
10.5%
17Tom Gola
7.5%
20Bob Kurland
3.2%

You're not logged in!

Compare scores with friends on all Sporcle quizzes.
OR
Log In

Sporcle TV

Today on Sporcle TV


Watch our educational content, quiz creation guides, and fun videos on Sporcle TV.

Show Comments

Extras

Top Quizzes Today


Score Distribution

Your Account Isn't Verified!

In order to create a playlist on Sporcle, you need to verify the email address you used during registration. Go to your Sporcle Settings to finish the process.

Report this User

Report this user for behavior that violates our Community Guidelines.

Details: